Modelovanie hydrolýzy COS prebiehajúcej v amin-absorbéri diplomová práca
Saved in:
| Main Author: | |
|---|---|
| Format: | Book |
| Language: | Slovak |
| Published: |
Bratislava
STU FCHPT
2019
|
| Online Access: | View in OPAC |
| Tags: |
No Tags, Be the first to tag this record!
|
MARC
| LEADER | 00000nam a2200000 a 4500 | ||
|---|---|---|---|
| 005 | 20260127134124.0 | ||
| 008 | 190619 2019 a 001 0 slo d | ||
| 035 | |a vtls011871945 | ||
| 039 | 9 | |y 201906191335 |z mschk03 | |
| 040 | |a STUSCHK1 |b slo |c STUSCHK1 |e AACR2 | ||
| 100 | 1 | |a Samu, Zsolt | |
| 245 | 1 | |a Modelovanie hydrolýzy COS prebiehajúcej v amin-absorbéri |b diplomová práca |c Zsolt Samu | |
| 260 | |a Bratislava |b STU FCHPT |c 2019 | ||
| 300 | |a 104 s. |b Obr., tab. |c 25 cm | ||
| 500 | |a Študijný program: chemické inžinierstvo | ||
| 500 | |a Študijný odbor: chemické inžinierstvo | ||
| 500 | |a Školiace pracovisko: Oddelenie chemického a biochemického inžinierstva | ||
| 500 | |a Evid. číslo: FCHPT-5433-74866 | ||
| 910 | |a SCHK95 | ||
| 999 | |c 4575 |d 4575 | ||